Normal view
MARC view
Entry Topical Term
001 - CONTROL NUMBER
- control field: 6026
003 - CONTROL NUMBER IDENTIFIER
- control field: BD-RjUL
005 - DATE AND TIME OF LATEST TRANSACTION
- control field: 20221124184211.0
008 - FIXED-LENGTH DATA ELEMENTS
- fixed length control field: 221124|| aca||aabn | a|a d
040 ## - CATALOGING SOURCE
- Original cataloging agency: BD-RjUL
- Transcribing agency: BD-RjUL
150 ## - HEADING--TOPICAL TERM
- Topical term or geographic name entry element: Bananas
- Form subdivision: Orchards
670 ## - SOURCE DATA FOUND
- Source citation: Work cat.: (BD-RjUL)80846: Rahman, Md. Habibur 4647, Micropropagation and commercial utilization of elite genotypes of Banana (Musa SPP.) /, 2006